<?xml version="1.0" encoding="UTF-8"?>
<record
    xmlns:xsi="http://www.w3.org/2001/XMLSchema-instance"
    xsi:schemaLocation="http://www.loc.gov/MARC21/slim http://www.loc.gov/standards/marcxml/schema/MARC21slim.xsd"
    xmlns="http://www.loc.gov/MARC21/slim">

  <leader>03018cam a2200253Ia 4500</leader>
  <datafield tag="020" ind1=" " ind2=" ">
    <subfield code="a">9789251056646</subfield>
  </datafield>
  <datafield tag="020" ind1=" " ind2=" ">
    <subfield code="a">9251056641</subfield>
  </datafield>
  <datafield tag="040" ind1=" " ind2=" ">
    <subfield code="c">EQF</subfield>
  </datafield>
  <datafield tag="082" ind1="0" ind2="4">
    <subfield code="a">338 FOO 2007 A016 Or.</subfield>
  </datafield>
  <datafield tag="100" ind1="1" ind2=" ">
    <subfield code="a">B&#xA9;&#x266D;n&#xA9;&#x266D;, Christophe</subfield>
  </datafield>
  <datafield tag="245" ind1="1" ind2="0">
    <subfield code="a">Increasing the contribution of small-scale fisheries to poverty alleviation and food security /</subfield>
  </datafield>
  <datafield tag="260" ind1=" " ind2=" ">
    <subfield code="a">Rome :</subfield>
    <subfield code="b">Food and Agriculture Organization of the United Nations,</subfield>
    <subfield code="c">2007</subfield>
  </datafield>
  <datafield tag="300" ind1=" " ind2=" ">
    <subfield code="a">125 p. :</subfield>
    <subfield code="c">30 cm</subfield>
  </datafield>
  <datafield tag="490" ind1="1" ind2=" ">
    <subfield code="a">FAO fisheries technical paper,</subfield>
  </datafield>
  <datafield tag="520" ind1="3" ind2=" ">
    <subfield code="a">The objectives of this Technical Paper are to highlight the contribution that inland and coastal small-scale fisheries can make to poverty alleviation and food security and to make practical suggestions on ways that this contribution can be maximized.  This paper is organized into three main sections. The first section discusses the concepts of poverty, vulnerability and food security, and briefly outlines how these concepts have evolved in recent years within the field of fisheries (in line with the rest of the development literature). The second section reviews the actual and potential contribution of small-scale fisheries to poverty alleviation and food security. It illustrates, through use of examples, the role that small-scale fisheries can play in economic growth at the national level and poverty alleviation and rural development at the local level. The third and main section of the document discusses ways of increasing the contribution of small-scale fisheries to poverty alleviation and food security through nine main entry points. First, the paper revisits conventional fisheries policies and legislation and makes suggestions on how those can be made more pro-poor. Next, the paper emphasizes the importance of capacity building and highlights how cross-sectoral interventions can greatly improve the livelihoods of fish-dependent communities. The paper then proposes a series of broad pro-poor or pro-small-scale fisheries principles, before discussing in greater detail three of the main management instruments adopted in fisheries: (i) property right approaches; (ii) co-management; and (iii) protected areas. The next two sub-sections discuss markets and how to make them work for the poor, and the important issue of pro-poor financing systems and subsidies. The paper highlights the complexity of the issues and reflects the current debate on the ambiguous impacts of markets and trade on poverty alleviation. The last sub-section examines the information, research agenda and communication strategies that are needed to complement or support other interventions and to ensure the contribution of small-scale fisheries to poverty alleviation and food security</subfield>
  </datafield>
  <datafield tag="650" ind1=" " ind2="0">
    <subfield code="a">Small-scale fisheries</subfield>
  </datafield>
  <datafield tag="650" ind1=" " ind2="0">
    <subfield code="a">Fishery management</subfield>
  </datafield>
  <datafield tag="650" ind1=" " ind2="0">
    <subfield code="a">Food supply</subfield>
  </datafield>
  <datafield tag="700" ind1="1" ind2=" ">
    <subfield code="a">Macfadyen, G.</subfield>
  </datafield>
  <datafield tag="700" ind1="1" ind2=" ">
    <subfield code="a">Allison, E. H.</subfield>
  </datafield>
  <datafield tag="710" ind1="2" ind2=" ">
    <subfield code="a">Food and Agriculture Organization of the United Nations</subfield>
  </datafield>
  <datafield tag="856" ind1="1" ind2="1">
    <subfield code="u">ftp://ftp.fao.org/docrep/fao/009/a0965e/a0965e00.pdf</subfield>
  </datafield>
  <datafield tag="942" ind1=" " ind2=" ">
    <subfield code="c">EK</subfield>
  </datafield>
  <datafield tag="999" ind1=" " ind2=" ">
    <subfield code="c">11590</subfield>
    <subfield code="d">11590</subfield>
  </datafield>
  <datafield tag="952" ind1=" " ind2=" ">
    <subfield code="0">0</subfield>
    <subfield code="1">0</subfield>
    <subfield code="4">0</subfield>
    <subfield code="6">338_000000000000000_FOO_2007_A016_OR</subfield>
    <subfield code="7">0</subfield>
    <subfield code="9">59652</subfield>
    <subfield code="a">LBA</subfield>
    <subfield code="b">LBA</subfield>
    <subfield code="c">A016</subfield>
    <subfield code="d">2017-08-03</subfield>
    <subfield code="o">338 FOO 2007 A016 Or.</subfield>
    <subfield code="p">RUA061165</subfield>
    <subfield code="r">2017-08-03</subfield>
    <subfield code="w">2017-08-03</subfield>
    <subfield code="y">EK</subfield>
  </datafield>
</record>
